Codes postaux par centaines : villes de la région Pays de la Loire - Statistiques

Statistiques générales
  • Ce quiz a été pris 40 fois
  • Le résultat moyen est 18 sur 39
Statistiques - réponses
Département Code postal Ville % Correct
Loire-Atlantique 44000 Nantes
94%
Maine-et-Loire 49000 Angers
89%
Mayenne 53000 Laval
89%
Vendée 85000 La Roche-sur-Yon
86%
Loire-Atlantique 44600 Saint-Nazaire
86%
Sarthe 72000 Le Mans
83%
Maine-et-Loire 49300 Cholet
80%
Mayenne 53100 Mayenne
74%
Vendée 85100 Les Sables-d'Olonne
71%
Maine-et-Loire 49400 Saumur
66%
Loire-Atlantique 44400 Rezé
63%
Mayenne 53200 Château-Gontier-sur-Mayenne
57%
Vendée 85500 Les Herbiers
57%
Loire-Atlantique 44800 Saint-Herblain
57%
Vendée 85200 Fontenay-le-Comte
54%
Sarthe 72200 La Flèche
54%
Vendée 85300 Challans
49%
Loire-Atlantique 44500 La Baule-Escoublac
46%
Sarthe 72300 Sablé-sur-Sarthe
46%
Maine-et-Loire 49500 Segré-en-Anjou Bleu
46%
Vendée 85600 Montaigu-Vendée
43%
Vendée 85400 Luçon
40%
Loire-Atlantique 44700 Orvault
37%
Sarthe 72600 Mamers
34%
Vendée 85800 Saint-Gilles-Croix-de-Vie
34%
Mayenne 53600 Évron
31%
Mayenne 53400 Craon
26%
Mayenne 53500 Ernée
26%
Maine-et-Loire 49600 Beaupréau-en-Mauges
23%
Sarthe 72400 La Ferté-Bernard
23%
Maine-et-Loire 49800 Trélazé / Loire-Authion
23%
Maine-et-Loire 49700 Doué-en-Anjou
20%
Vendée 85700 Sèvremont / Pouzauges
20%
Sarthe 72700 Allonnes
14%
Sarthe 72800 Le Lude
14%
Mayenne 53800 Renazé
9%
Mayenne 53300 Ambrières-les-Vallées
6%
Sarthe 72500 Montval-sur-Loir
6%
Mayenne 53700 Villaines-la-Juhel
6%
Aucun quiz correspondant
Distribution des résultats
% des personnes avec chaque résultat
Percentile par nombre de réponses
Votre historique - résultats
Vous n’avez pas pris ce quiz